Blue Bloods Characters - Statistics

General Stats
  • This quiz has been taken 44 times
  • The average score is 11 of 17
Answer Stats
Answer % Correct
Danny
97%
Erin
94%
Frank
91%
Jamie
89%
Jack
80%
Sean
77%
Henry
74%
Joe
71%
Linda
71%
Eddie
69%
Nicky
66%
Jackie
43%
Sid
40%
Anthony
34%
Garrett
34%
Maria
34%
Abby
17%
No matching quizzes found
Score Distribution
Percent of People with Each Score
Percentile by Number Answered
Your Score History
You have not taken this quiz